| 000 | 00825nam a2200217Ia 4500 | ||
|---|---|---|---|
| 003 | OSt | ||
| 005 | 20251104120641.0 | ||
| 008 | 220922b |||||||| |||| 00| 0 hin d | ||
| 037 | _cTB | ||
| 040 |
_aARTS _cARTS _bhin |
||
| 041 |
_2hin _ahin |
||
| 084 |
_aO152,1xN7 M3 _bAL |
||
| 100 |
_aनरेन्द्र मोहन, संपा. _9850066 |
||
| 245 | 0 | _aविचार और लहू के बीच | |
| 246 | _aVichār aur lahū ke bīcha | ||
| 260 |
_aदिल्ली, भारत: _bअनन्य प्रकाशन, _c1983. |
||
| 300 |
_a170 पृ. _ccm. |
||
| 650 |
_aहिन्दी साहित्य _9156264 |
||
| 942 |
_hO152,1xN7 M3 _cTB _2CC _n0 |
||
| 999 |
_c329552 _d329552 |
||